New construction orders (Record no. 79329)

MARC details
000 -LEADER
fixed length control field 01199cad a22002175a 4500
001 - CONTROL NUMBER
control field L140741
008 - FIXED-LENGTH DATA ELEMENTS--GENERAL INFORMATION
fixed length control field 100911e20071004xxk f s f000 0 eng d
035 ## - SYSTEM CONTROL NUMBER
System control number (Sirsi) u140741
041 0# - LANGUAGE CODE
Language code of text/sound track or separate title eng
110 1# - MAIN ENTRY--CORPORATE NAME
Corporate name or jurisdiction name as entry element United Kingdom
Subordinate unit Department for Business, Enterprise and Regulatory Reform
9 (RLIN) 5262
245 00 - TITLE STATEMENT
Title New construction orders
Remainder of title August 2007
Medium [electronic resource]
260 ## - PUBLICATION, DISTRIBUTION, ETC.
Date of publication, distribution, etc. 2007
490 ## - SERIES STATEMENT
Series statement GNN Press Release
Volume/sequential designation (152304P) 4 October 2007
520 ## - SUMMARY, ETC.
Summary, etc. Reports that orders in the year to August 2007 rose 2% compared with the previous twelve months. However, orders in the three months to August 2007 fell by 3% compared with the three months to August 2006. The fall was by 8% compared to the three months to May 2007. There were decreases in the public housing, private housing and private commercial sectors. These easily outstripped a rise in the private industrial sectors.
590 ## - LOCAL NOTE (RLIN)
Local note KA
650 24 - SUBJECT ADDED ENTRY--TOPICAL TERM
Topical term or geographic name entry element DBERR NEW CONSTRUCTION ORDERS
651 #4 - SUBJECT ADDED ENTRY--GEOGRAPHIC NAME
Geographic name Great Britain
Chronological subdivision 1707-
690 ## - LOCAL SUBJECT ADDED ENTRY--TOPICAL TERM (OCLC, RLIN)
Topical term or geographic name as entry element BUILT ENVIRONMENT-CONSTRUCTION MARKET
856 40 - ELECTRONIC LOCATION AND ACCESS
Uniform Resource Identifier <a href="https://stats.bis.gov.uk/construction/neworders/200708/index.asp#Related_documents">https://stats.bis.gov.uk/construction/neworders/200708/index.asp#Related_documents</a>
Public note View the item free of charge at www.gnn.gov.uk...
942 ## - ADDED ENTRY ELEMENTS (KOHA)
Suppress in OPAC 0
Holdings
Withdrawn status Lost status Source of classification or shelving scheme Damaged status Not for loan Home library Current library Shelving location Date acquired Total Checkouts Full call number Barcode Date last seen Copy number Price effective from Koha item type
    Dewey Decimal Classification     Virtual Virtual Online 09/10/2007   ONLINE PUBLICATION 140741-1001 06/08/2019 1 06/08/2019 Book